| 000 | 00793nam a22002057a 4500 | ||
|---|---|---|---|
| 999 |
_c7515 _d7515 |
||
| 003 | AR-CdUCM | ||
| 008 | 190320b ||||| |||| 00| 0 spa d | ||
| 040 |
_aMUNICIPALIDAD PROVINCIAL DEL CUSCO _cBIBLIOTECA MUNICIPAL DEL CUSCO |
||
| 082 |
_a113.1 / _bZ6 |
||
| 100 |
_aElguera Cabrera, Julio Cesar Vladimir _921220 |
||
| 245 |
_aEl concepto de alma en la doctrina filosofica de Socrates : _bEnsayo filosofico / |
||
| 260 |
_aHuanuco : _bGraficas "N", _c1989. |
||
| 300 |
_a44 paginas ; _c17 cm. |
||
| 505 | _aContenido : Capitulo I : El concepto de alma en la doctrina filosofica de Socrates -- Fuentes para el estudio de la doctrina de Socrates sobre el alma ... | ||
| 650 |
_aFilosofia _9395 |
||
| 650 |
_aPolitica _9291 |
||
| 650 |
_aSocrates _99985 |
||
| 942 |
_2ddc _cLIBROS |
||
| 945 | _arah | ||